Can fiscal decentralization strengthen social capital?

Salvato in:
Dettagli Bibliografici
Autore principale: de Mello, Luiz
Natura: Libro
Lingua:inglese
Pubblicazione: Washington International Monetary Fund 2000
Serie:IMF Working Paper WP/00/129
Soggetti:
Tags: Aggiungi Tag
Nessun Tag, puoi essere il primo ad aggiungerne!!

MARC

LEADER 00000nam a2200000 4500
001 c124376
005 20221221081734.0
041 0 |a eng 
044 |a US 
245 1 0 |a Can fiscal decentralization strengthen social capital?  |c Luiz de Mello 
264 1 |a Washington  |b International Monetary Fund  |c 2000 
300 |a 30 s. 
490 1 |a IMF Working Paper  |v WP/00/129 
830 0 |a IMF Working Paper  |v WP/00/129 
610 2 0 |a decentralizácia 
610 2 0 |a politika fiškálna 
610 2 0 |a kapitál ľudský 
610 2 0 |a spoločnosť 
100 1 |a de Mello, Luiz